<?xml version="1.0" encoding="UTF-8"?><marc:collection xmlns:marc="http://www.loc.gov/MARC21/slim">
  <marc:record>
    <marc:leader>04309nas a2200877 c 4500</marc:leader>
    <marc:controlfield tag="001">010003126</marc:controlfield>
    <marc:controlfield tag="003">DE-101</marc:controlfield>
    <marc:controlfield tag="005">20250709213530.0</marc:controlfield>
    <marc:controlfield tag="006">sb</marc:controlfield>
    <marc:controlfield tag="007">tu</marc:controlfield>
    <marc:controlfield tag="008">991118c18889999xxuq||p|  ||| 0||||1eng c</marc:controlfield>
    <marc:datafield tag="016" ind1="7" ind2=" ">
      <marc:subfield code="2">DE-600</marc:subfield>
      <marc:subfield code="a">376-1</marc:subfield>
    </marc:datafield>
    <marc:datafield tag="016" ind1="7" ind2=" ">
      <marc:subfield code="2">DE-101</marc:subfield>
      <marc:subfield code="a">010003126</marc:subfield>
    </marc:datafield>
    <marc:datafield tag="022" ind1=" " ind2=" ">
      <marc:subfield code="a">0002-7294</marc:subfield>
    </marc:datafield>
    <marc:datafield tag="030" ind1=" " ind2=" ">
      <marc:subfield code="a">AMATA</marc:subfield>
    </marc:datafield>
    <marc:datafield tag="035" ind1=" " ind2=" ">
      <marc:subfield code="a">(DE-599)ZDB376-1</marc:subfield>
    </marc:datafield>
    <marc:datafield tag="035" ind1=" " ind2=" ">
      <marc:subfield code="a">(OCoLC)310934080</marc:subfield>
    </marc:datafield>
    <marc:datafield tag="040" ind1=" " ind2=" ">
      <marc:subfield code="a">9001</marc:subfield>
      <marc:subfield code="b">ger</marc:subfield>
      <marc:subfield code="c">DE-101</marc:subfield>
      <marc:subfield code="d">9999</marc:subfield>
    </marc:datafield>
    <marc:datafield tag="041" ind1=" " ind2=" ">
      <marc:subfield code="a">eng</marc:subfield>
    </marc:datafield>
    <marc:datafield tag="042" ind1=" " ind2=" ">
      <marc:subfield code="a">zdb</marc:subfield>
    </marc:datafield>
    <marc:datafield tag="044" ind1=" " ind2=" ">
      <marc:subfield code="c">XD-US</marc:subfield>
    </marc:datafield>
    <marc:datafield tag="082" ind1="7" ind2="4">
      <marc:subfield code="a">100</marc:subfield>
      <marc:subfield code="a">570</marc:subfield>
      <marc:subfield code="q">DE-101</marc:subfield>
      <marc:subfield code="2">22sdnb</marc:subfield>
    </marc:datafield>
    <marc:datafield tag="083" ind1="7" ind2=" ">
      <marc:subfield code="a">100</marc:subfield>
      <marc:subfield code="a">570</marc:subfield>
      <marc:subfield code="q">DE-600</marc:subfield>
      <marc:subfield code="2">22sdnb</marc:subfield>
    </marc:datafield>
    <marc:datafield tag="084" ind1=" " ind2=" ">
      <marc:subfield code="a">PHILOS</marc:subfield>
      <marc:subfield code="q">DE-12</marc:subfield>
      <marc:subfield code="2">fid</marc:subfield>
    </marc:datafield>
    <marc:datafield tag="084" ind1=" " ind2=" ">
      <marc:subfield code="a">6,33</marc:subfield>
      <marc:subfield code="a">10</marc:subfield>
      <marc:subfield code="a">12</marc:subfield>
      <marc:subfield code="a">5,1</marc:subfield>
      <marc:subfield code="2">ssgn</marc:subfield>
    </marc:datafield>
    <marc:datafield tag="084" ind1=" " ind2=" ">
      <marc:subfield code="a">LING</marc:subfield>
      <marc:subfield code="q">DE-30</marc:subfield>
      <marc:subfield code="2">fid</marc:subfield>
    </marc:datafield>
    <marc:datafield tag="084" ind1=" " ind2=" ">
      <marc:subfield code="a">BIODIV</marc:subfield>
      <marc:subfield code="q">DE-30</marc:subfield>
      <marc:subfield code="2">fid</marc:subfield>
    </marc:datafield>
    <marc:datafield tag="084" ind1=" " ind2=" ">
      <marc:subfield code="a">MN 1000</marc:subfield>
      <marc:subfield code="2">rvk</marc:subfield>
    </marc:datafield>
    <marc:datafield tag="090" ind1=" " ind2=" ">
      <marc:subfield code="n">de</marc:subfield>
    </marc:datafield>
    <marc:datafield tag="210" ind1="0" ind2="0">
      <marc:subfield code="a">AA</marc:subfield>
    </marc:datafield>
    <marc:datafield tag="210" ind1="0" ind2="0">
      <marc:subfield code="a">AAn</marc:subfield>
    </marc:datafield>
    <marc:datafield tag="210" ind1="0" ind2="0">
      <marc:subfield code="a">AAnthr</marc:subfield>
    </marc:datafield>
    <marc:datafield tag="210" ind1="0" ind2="0">
      <marc:subfield code="a">A Anth</marc:subfield>
    </marc:datafield>
    <marc:datafield tag="210" ind1="0" ind2="0">
      <marc:subfield code="a">AmA</marc:subfield>
    </marc:datafield>
    <marc:datafield tag="210" ind1="0" ind2="0">
      <marc:subfield code="a">Am An</marc:subfield>
    </marc:datafield>
    <marc:datafield tag="210" ind1="0" ind2="0">
      <marc:subfield code="a">Am Ant</marc:subfield>
    </marc:datafield>
    <marc:datafield tag="210" ind1="0" ind2="0">
      <marc:subfield code="a">Am Anth</marc:subfield>
    </marc:datafield>
    <marc:datafield tag="210" ind1="0" ind2="0">
      <marc:subfield code="a">Am Anthro</marc:subfield>
    </marc:datafield>
    <marc:datafield tag="210" ind1="0" ind2="0">
      <marc:subfield code="a">Am Anthrop</marc:subfield>
    </marc:datafield>
    <marc:datafield tag="210" ind1="0" ind2="0">
      <marc:subfield code="a">Amer Anthr</marc:subfield>
    </marc:datafield>
    <marc:datafield tag="210" ind1="0" ind2="0">
      <marc:subfield code="a">Amer Anthrop</marc:subfield>
    </marc:datafield>
    <marc:datafield tag="210" ind1="0" ind2="0">
      <marc:subfield code="a">Amer Anthropol</marc:subfield>
    </marc:datafield>
    <marc:datafield tag="210" ind1="0" ind2="0">
      <marc:subfield code="a">Amer Anthropologist</marc:subfield>
    </marc:datafield>
    <marc:datafield tag="210" ind1="0" ind2="0">
      <marc:subfield code="a">AM ANTHROPOL</marc:subfield>
    </marc:datafield>
    <marc:datafield tag="245" ind1="0" ind2="0">
      <marc:subfield code="a">American anthropologist</marc:subfield>
      <marc:subfield code="b">journal of the American Anthropological Association</marc:subfield>
    </marc:datafield>
    <marc:datafield tag="264" ind1="3" ind2="1">
      <marc:subfield code="a">[Wechselnde Erscheinungsorte]</marc:subfield>
      <marc:subfield code="b">[Wechselnde Verlage]</marc:subfield>
      <marc:subfield code="c">1888-</marc:subfield>
    </marc:datafield>
    <marc:datafield tag="264" ind1="2" ind2="1">
      <marc:subfield code="3">früher</marc:subfield>
      <marc:subfield code="a">Washington, DC</marc:subfield>
      <marc:subfield code="b">American Anthropological Assoc.</marc:subfield>
    </marc:datafield>
    <marc:datafield tag="264" ind1="2" ind2="1">
      <marc:subfield code="3">2004-2007</marc:subfield>
      <marc:subfield code="a">Berkeley, Calif. [u.a.]</marc:subfield>
      <marc:subfield code="b">Univ. of California Press</marc:subfield>
    </marc:datafield>
    <marc:datafield tag="264" ind1="2" ind2="1">
      <marc:subfield code="3">früher</marc:subfield>
      <marc:subfield code="a">Arlington, Va.</marc:subfield>
      <marc:subfield code="b">American Anthropological Assoc.</marc:subfield>
    </marc:datafield>
    <marc:datafield tag="264" ind1="2" ind2="1">
      <marc:subfield code="3">früher</marc:subfield>
      <marc:subfield code="a">Malden, Mass. [u.a.]</marc:subfield>
      <marc:subfield code="b">Wiley-Blackwell</marc:subfield>
    </marc:datafield>
    <marc:datafield tag="336" ind1=" " ind2=" ">
      <marc:subfield code="a">Text</marc:subfield>
      <marc:subfield code="b">txt</marc:subfield>
      <marc:subfield code="2">rdacontent</marc:subfield>
    </marc:datafield>
    <marc:datafield tag="337" ind1=" " ind2=" ">
      <marc:subfield code="a">ohne Hilfsmittel zu benutzen</marc:subfield>
      <marc:subfield code="b">n</marc:subfield>
      <marc:subfield code="2">rdamedia</marc:subfield>
    </marc:datafield>
    <marc:datafield tag="338" ind1=" " ind2=" ">
      <marc:subfield code="a">Band</marc:subfield>
      <marc:subfield code="b">nc</marc:subfield>
      <marc:subfield code="2">rdacarrier</marc:subfield>
    </marc:datafield>
    <marc:datafield tag="362" ind1="0" ind2=" ">
      <marc:subfield code="a">1.1888 - 11.1898; N.S. 1.1899 -</marc:subfield>
    </marc:datafield>
    <marc:datafield tag="363" ind1="0" ind2="0">
      <marc:subfield code="8">1.1\x</marc:subfield>
      <marc:subfield code="a">1</marc:subfield>
      <marc:subfield code="i">1888</marc:subfield>
    </marc:datafield>
    <marc:datafield tag="363" ind1="1" ind2="0">
      <marc:subfield code="8">1.2\x</marc:subfield>
      <marc:subfield code="a">11</marc:subfield>
      <marc:subfield code="i">1898</marc:subfield>
    </marc:datafield>
    <marc:datafield tag="363" ind1="0" ind2="1">
      <marc:subfield code="8">2.1\x</marc:subfield>
      <marc:subfield code="a">1</marc:subfield>
      <marc:subfield code="i">1899</marc:subfield>
    </marc:datafield>
    <marc:datafield tag="500" ind1=" " ind2=" ">
      <marc:subfield code="a">Repr.: Nendeln [u.a.] : Kraus; Millwood, NY : Kraus</marc:subfield>
    </marc:datafield>
    <marc:datafield tag="501" ind1=" " ind2=" ">
      <marc:subfield code="a">1964 - 1966 jeweils als Part 2: Special publication</marc:subfield>
    </marc:datafield>
    <marc:datafield tag="515" ind1=" " ind2=" ">
      <marc:subfield code="a">Ab 50.1948 entfällt Bez. N.S.</marc:subfield>
    </marc:datafield>
    <marc:datafield tag="555" ind1="8" ind2=" ">
      <marc:subfield code="a">Index 1/30.1888/1928 in: 32.1930,3,2; 31/40.1929/38 in: 42.1940; 41/50.1939/48 in: 53.1951,4,2; 51/60.1949/58 in: 63.1961,2,2</marc:subfield>
    </marc:datafield>
    <marc:datafield tag="650" ind1=" " ind2="7">
      <marc:subfield code="0">(DE-588)4002230-4</marc:subfield>
      <marc:subfield code="0">https://d-nb.info/gnd/4002230-4</marc:subfield>
      <marc:subfield code="0">(DE-101)040022307</marc:subfield>
      <marc:subfield code="a">Anthropologie</marc:subfield>
      <marc:subfield code="9">rswk-swf</marc:subfield>
      <marc:subfield code="2">gnd</marc:subfield>
    </marc:datafield>
    <marc:datafield tag="655" ind1=" " ind2="7">
      <marc:subfield code="0">(DE-588)4067488-5</marc:subfield>
      <marc:subfield code="0">https://d-nb.info/gnd/4067488-5</marc:subfield>
      <marc:subfield code="0">(DE-101)040674886</marc:subfield>
      <marc:subfield code="a">Zeitschrift</marc:subfield>
      <marc:subfield code="2">gnd-content</marc:subfield>
    </marc:datafield>
    <marc:datafield tag="655" ind1=" " ind2="7">
      <marc:subfield code="a">Zeitschrift</marc:subfield>
      <marc:subfield code="9">rswk-swf</marc:subfield>
      <marc:subfield code="2">gnd</marc:subfield>
    </marc:datafield>
    <marc:datafield tag="689" ind1="0" ind2="0">
      <marc:subfield code="0">(DE-588)4002230-4</marc:subfield>
      <marc:subfield code="0">https://d-nb.info/gnd/4002230-4</marc:subfield>
      <marc:subfield code="0">(DE-101)040022307</marc:subfield>
      <marc:subfield code="D">s</marc:subfield>
      <marc:subfield code="a">Anthropologie</marc:subfield>
    </marc:datafield>
    <marc:datafield tag="689" ind1="0" ind2="1">
      <marc:subfield code="A">f</marc:subfield>
      <marc:subfield code="a">Zeitschrift</marc:subfield>
    </marc:datafield>
    <marc:datafield tag="689" ind1="0" ind2=" ">
      <marc:subfield code="5">DE-600</marc:subfield>
      <marc:subfield code="5">DE-600</marc:subfield>
    </marc:datafield>
    <marc:datafield tag="710" ind1="2" ind2=" ">
      <marc:subfield code="0">(DE-588)1000352-6</marc:subfield>
      <marc:subfield code="0">https://d-nb.info/gnd/1000352-6</marc:subfield>
      <marc:subfield code="0">(DE-101)004002083</marc:subfield>
      <marc:subfield code="a">American Anthropological Association</marc:subfield>
      <marc:subfield code="e">Herausgebendes Organ</marc:subfield>
      <marc:subfield code="4">isb</marc:subfield>
      <marc:subfield code="2">gnd</marc:subfield>
    </marc:datafield>
    <marc:datafield tag="770" ind1="0" ind2="8">
      <marc:subfield code="i">Supplement</marc:subfield>
      <marc:subfield code="n">Suppl. ab 65.1963</marc:subfield>
      <marc:subfield code="a">American Anthropological Association</marc:subfield>
      <marc:subfield code="t">Memoir / American Anthropological Association</marc:subfield>
      <marc:subfield code="d">Washington, DC : Assoc., 1905-</marc:subfield>
      <marc:subfield code="x">1040-4759</marc:subfield>
      <marc:subfield code="w">(DE-600)134202-2</marc:subfield>
      <marc:subfield code="w">(DE-101)010779108</marc:subfield>
    </marc:datafield>
    <marc:datafield tag="776" ind1="0" ind2="8">
      <marc:subfield code="i">Erscheint auch als</marc:subfield>
      <marc:subfield code="n">Online-Ausgabe</marc:subfield>
      <marc:subfield code="t">American anthropologist</marc:subfield>
      <marc:subfield code="d">Oxford : Wiley-Blackwell, 1888-</marc:subfield>
      <marc:subfield code="h">Online-Ressource</marc:subfield>
      <marc:subfield code="x">1548-1433</marc:subfield>
      <marc:subfield code="w">(DE-600)2046483-6</marc:subfield>
      <marc:subfield code="w">(DE-101)021778531</marc:subfield>
    </marc:datafield>
    <marc:datafield tag="780" ind1="0" ind2="0">
      <marc:subfield code="i">Vorg.:</marc:subfield>
      <marc:subfield code="a">Anthropological Society of Washington &lt;Washington, DC&gt;</marc:subfield>
      <marc:subfield code="t">Transactions of the Anthropological Society of Washington</marc:subfield>
      <marc:subfield code="d">Washington, DC : [Verlag nicht ermittelbar], 1882-1885</marc:subfield>
      <marc:subfield code="x">1541-4132</marc:subfield>
      <marc:subfield code="w">(DE-600)208393-0</marc:subfield>
      <marc:subfield code="w">(DE-101)011203633</marc:subfield>
    </marc:datafield>
    <marc:datafield tag="787" ind1="0" ind2="8">
      <marc:subfield code="i">37,1,2=42; 37,2,2=43; 37,3,2=44; 37,4,2=45; 38,3,2=46; 39,3,2=47; 39,4,2=48; 42,2,2=53; 42,3,2=54; 42,4,2=55; 43,2,2=56; 43,3,2=57; 43,3,3=58; 43,4,2=59; 44,4,2=60; 52,4,2=72; 54,2,2=73; 55,2,2=74; 55,5,2=75; 56,2,2=76; 56,4,2=77; 56,5,2=78; 56,6,2=79; 57,1,2=80; 57,2,2=81; 57,2,3=82; 57,3,2=83; 57,6,3=84; 57,6,2=85; 60,1,2=86; 60,2,2=87; 60,6,2=88; 61,5,2=89; 63,5,2=90; 64,1,2=91; 64,3,2=92; 64,5,2=93; 65,3,2=96 von</marc:subfield>
      <marc:subfield code="a">American Anthropological Association</marc:subfield>
      <marc:subfield code="t">Memoir / American Anthropological Association</marc:subfield>
      <marc:subfield code="d">Washington, DC : Assoc., 1905-</marc:subfield>
      <marc:subfield code="x">1040-4759</marc:subfield>
      <marc:subfield code="w">(DE-600)134202-2</marc:subfield>
      <marc:subfield code="w">(DE-101)010779108</marc:subfield>
    </marc:datafield>
    <marc:datafield tag="787" ind1="0" ind2="8">
      <marc:subfield code="i">Gekürzt als</marc:subfield>
      <marc:subfield code="a">American Anthropological Association</marc:subfield>
      <marc:subfield code="t">Proceedings of the Anthropological Society of Washington</marc:subfield>
      <marc:subfield code="d">Washington, DC : [Verlag nicht ermittelbar], 1904-1913</marc:subfield>
      <marc:subfield code="w">(DE-600)1172951-X</marc:subfield>
      <marc:subfield code="w">(DE-101)017007682</marc:subfield>
    </marc:datafield>
    <marc:datafield tag="850" ind1=" " ind2=" ">
      <marc:subfield code="a">DE-101a</marc:subfield>
      <marc:subfield code="a">DE-101b</marc:subfield>
    </marc:datafield>
    <marc:datafield tag="889" ind1=" " ind2=" ">
      <marc:subfield code="w">(DE-101)976144190</marc:subfield>
    </marc:datafield>
    <marc:datafield tag="889" ind1=" " ind2=" ">
      <marc:subfield code="w">(DE-600)282178-3</marc:subfield>
    </marc:datafield>
  </marc:record>
</marc:collection>
